宁波轨道交通线路图-Ningbo Rail Transit Line Map - Statistics

General Stats
  • This quiz has been taken 9 times
  • The average score is 68 of 189
Answers on the Map
Answers color-coded by a green-red scale on the quiz's map according to % correct below.
 
Answer Stats
站名 % Correct
宁波火车站
89%
鼓楼
78%
宁波大学
78%
高桥
67%
栎社国际机场
67%
慈城西
67%
慈城
67%
庄桥火车站
67%
泽民
56%
东门口
56%
樱花公园
56%
海晏北路
56%
石碶
56%
丽园南路
56%
压赛堰
56%
大通桥
56%
体育馆
56%
鄞州区政府
56%
小洋江
56%
东钱湖
56%
布政
56%
镇海大道
56%
宁波大剧院
56%
俞范
56%
邱隘
56%
云龙
56%
高桥西
44%
梁祝
44%
望春桥
44%
大卿桥
44%
西门口
44%
盛莫路
44%
五乡
44%
宝幢
44%
邬隘
44%
松花江路
44%
霞浦
44%
栎社
44%
云霞路
44%
外滩大桥
44%
正大路
44%
三官堂
44%
聪园路
44%
招宝山
44%
红联
44%
明楼
44%
儿童公园
44%
仇毕
44%
南部商务区
44%
姜山
44%
金海路
44%
洪大路
44%
丽江路
44%
翠柏里
44%
南高教园区
44%
国际会议中心
44%
庙堰
44%
下应路
44%
大洋江
44%
民安东路
44%
院士路
44%
古林
44%
集士港
44%
卖面桥
44%
市中医院
44%
云飞路
44%
洪塘
44%
芦港
33%
徐家漕长乐
33%
江厦桥东
33%
福明路
33%
世纪大道
33%
福庆北路
33%
东环南路
33%
邱隘东
33%
大碶
33%
中河路
33%
长江路
33%
鄞州大道
33%
藕池
33%
客运中心
33%
城隍庙
33%
倪家堰
33%
孔浦
33%
路林
33%
清水浦
33%
枫园
33%
中兴大桥南
33%
钱湖北路
33%
鄞州客运总站
33%
高塘桥
33%
南渡
33%
大成东路
33%
金山路
33%
奥体中心
33%
双东路
33%
柳西
33%
兴宁桥西
33%
兴宁桥东
33%
矮柳
33%
潘火路
33%
同德路
33%
雅渡
33%
钱湖南路
33%
会展中心
33%
盎孟港
33%
兴庄路
33%
兴海南路
33%
梅堰
33%
骆驼桥
33%
宋家漕
33%
沧海北路
33%
小港西
33%
镇海市民广场
33%
湾头
33%
新天路
33%
尚德路
33%
回龙
33%
开元路
33%
洪盛路
33%
榭嘉
33%
青林湾
33%
联丰
33%
南苑
33%
段塘
33%
堇山西路
33%
鄞州公园南
33%
学府路
33%
寒松路
33%
下应南
33%
掌起
33%
观海卫
33%
慈溪火车站
33%
舟孟北路
22%
轻纺城
22%
五里牌
22%
锦寓路
22%
四明中路
22%
句章路
22%
狮山
22%
明辉路
22%
朝阳
22%
方桥
22%
琎琳
22%
官山河
22%
长兴路
22%
洪塘中路
22%
白鹤
22%
嵩江东路
22%
金达南路
22%
张家潭
22%
钟公庙
22%
泗港
22%
曹隘
22%
柳隘
22%
永茂路
22%
云林西路
22%
汇士路
22%
新芝路
22%
庆丰桥东
22%
明珠路
22%
聚贤路
22%
梅墟
22%
谢墅
22%
衙前
22%
明海北路
22%
贵驷
22%
骆兴
22%
应嘉路
22%
宁慈东路
22%
曙光
22%
福民公园
22%
北明程路
22%
安石路
22%
九龙湖
22%
观附
22%
新城大道
22%
潮塘
22%
云龙火车站
22%
鄞州咸祥
22%
象山贤庠
22%
滨海大道
22%
大目湾
22%
龙山
11%
逍林
11%
横溪
11%
塘溪
11%
大徐
11%
丹城
11%
No matching quizzes found
Score Distribution
Percent of People with Each Score
Percentile by Number Answered
Your Score History
You have not taken this quiz